[Event "Challenge"]
[Site "http://www.queenalice.com/game.php?id=869133"]
[Date "2010.12.8"]
[Round "-"]
[White "xambim"]
[Black "titi93"]
[Result "0-1"]
[WhiteElo "1226"]
[BlackElo "1594"]

1. e4 e5 2. Nf3 Nc6 3. Bb5 Bd6 4. d3 a6 5. Bxc6 dxc6 6. O-O c5 7. Bg5 f6 8. Bh4
Ne7 9. Nc3 c6 10. Qb1 Bg4 11. Qd1 O-O 12. h3 Be6 13. b3 Qa5 14. Rb1 Qxc3 15. Nd2
f5 16. exf5 Bxf5 17. f3 Qd4+ 18. Bf2 Qf4 19. Nc4 Bc7 20. Be3 Qh4 21. Bf2 Qh6 22.
Be3 Qg6 23. a4 Bxh3 24. Rf2 Nf5 25. Bxc5 Rf7 26. Bb6 Nh4 27. Kf1 Bxg2+ 28. Ke2
Bxf3+ 29. Kd2 Bxd1 30. Bxc7 Rxf2+ 31. Kc3 c5 32. Rxd1 Qf6 33. Bxe5 Qd8 34. Bg3
Qd4# 0-1

[Event "FARESE"]
[Site "http://www.queenalice.com/game.php?id=963862"]
[Date "2011.7.23"]
[Round "1"]
[White "xambim"]
[Black "jonairpontes"]
[Result "0-1"]
[WhiteElo "1251"]
[BlackElo "1582"]

1. e4 e5 2. Nf3 Nc6 3. Bb5 d6 4. Bxc6+ bxc6 5. O-O Nf6 6. Nc3 Ba6 7. d3 Be7 8.
Be3 O-O 9. Qd2 Ng4 10. h3 Nxe3 11. Qxe3 h6 12. Rfe1 f5 13. exf5 Rxf5 14. Qe4 Qd7
15. Nd5 Raf8 16. Nxe7+ Qxe7 17. Qxc6 Bc8 18. Qc4+ Be6 19. Qb5 Rxf3 20. Re2 R3f5
21. f3 Rh5 22. Qb4 c5 23. Qe1 Qg5 24. g4 Rxh3 25. Rf2 Rfxf3 26. Rxf3 Rxf3 27.
Qe2 Qxg4+ 28. Qg2 Qd4+ 29. Kh1 Bd5 30. Kh2 Qh4+ 31. Kg1 Rg3 32. Qxg3 Qxg3+ 33.
Kf1 Qg2+ 34. Ke1 Bf3 35. d4 Qe2# 0-1

[Event "Challenge"]
[Site "http://www.queenalice.com/game.php?id=974418"]
[Date "2011.8.19"]
[Round "-"]
[White "jafurlani"]
[Black "xambim"]
[Result "1-0"]
[WhiteElo "1790"]
[BlackElo "1251"]

1. e4 e5 2. Nf3 Nc6 3. Bc4 d6 4. Nc3 Nf6 5. h3 Be7 6. d3 Bd7 7. Bg5 h6 8. Be3
O-O 9. O-O a6 10. Qd2 b5 11. Bd5 b4 12. Bxc6 Bxc6 13. Ne2 a5 14. Ng3 Bd7 15.
Rad1 Bb5 16. Nf5 Nxe4 17. dxe4 Bxf1 18. Kxf1 f6 19. N3h4 Kf7 20. Qd5+ Ke8 21.
Ng6 Rf7 22. Qc6+ Qd7 23. Qxa8+ Bd8 24. Qxa5 Qc6 25. Qxb4 Qxc2 26. Rd2 Qc1+ 27.
Ke2 c5 28. Qb5+ Rd7 29. Nxd6# 1-0

[Event "Challenge"]
[Site "http://www.queenalice.com/game.php?id=974419"]
[Date "2011.8.19"]
[Round "-"]
[White "xambim"]
[Black "jafurlani"]
[Result "0-1"]
[WhiteElo "1251"]
[BlackElo "1764"]

1. e4 e5 2. Qh5 Nc6 3. Bc4 g6 4. Qf3 Nf6 5. d3 Nd4 6. Qd1 Bc5 7. c3 Nc6 8. Nf3
d6 9. h3 O-O 10. Ng5 Qe7 11. Nxf7 Rxf7 12. Bxf7+ Qxf7 13. O-O Be6 14. Nd2 Rf8
15. Nf3 Nh5 16. Bh6 Re8 17. Ng5 Qd7 18. b4 Bb6 19. a4 a6 20. a5 Ba7 21. g4 Nf4
22. Qf3 Nd8 23. Nxe6 Ndxe6 24. h4 Qe7 25. Bg5 Nxg5 26. hxg5 Qxg5 27. Qg3 Ne2+
28. Kg2 Nxg3 29. Kxg3 Rf8 30. d4 Qf4+ 31. Kh4 Qh2+ 32. Kg5 Kg7 33. Rh1 h6# 0-1

[Event "Challenge"]
[Site "http://www.queenalice.com/game.php?id=1179285"]
[Date "2013.5.7"]
[Round "-"]
[White "vivoferreira"]
[Black "xambim"]
[Result "1/2-1/2"]
[WhiteElo "1672"]
[BlackElo "1322"]

1. e4 e5 2. Nf3 Nc6 3. c3 Nf6 4. Qc2 g6 5. d4 exd4 6. Nxd4 Nxd4 7. cxd4 Nxe4 8.
Qxe4+ Qe7 9. Qxe7+ Bxe7 10. b3 d5 11. g3 Bf6 12. Bb2 O-O 13. Bg2 Be6 14. O-O c5
15. Rd1 Bxd4 16. Bxd4 cxd4 17. Rxd4 Rac8 18. Na3 a6 19. Bxd5 Rcd8 20. Rad1 Bh3
21. Bxb7 Rxd4 22. Rxd4 Re8 23. Nc2 Re2 24. Rc4 Rd2 25. Bf3 Bf5 26. Be4 Bxe4 27.
Rxe4 Rxc2 28. a3 Rc3 29. Rb4 a5 30. Rb8+ Kg7 31. a4 Rc1+ 32. Kg2 Ra1 33. Kf3 Kf6
34. Rb5 Rc1 35. Kg2 Rc3 36. Rb6+ Ke5 37. Rb5+ Kd6 38. b4 axb4 39. Rxb4 Ra3 40.
Rf4 Ke6 41. Re4+ Kd5 42. f3 f5 43. Re7 Rxa4 44. Rxh7 Ke6 45. f4 Ra2+ 46. Kf3 Kf6
47. Rc7 Rxh2 48. Rc6+ Kg7 49. Re6 Kf7 1/2-1/2

[Event "Challenge"]
[Site "http://www.queenalice.com/game.php?id=1179287"]
[Date "2013.5.7"]
[Round "-"]
[White "xambim"]
[Black "vivoferreira"]
[Result "1-0"]
[WhiteElo "1294"]
[BlackElo "1594"]

1. e4 c5 2. Nc3 e6 3. Nf3 d6 4. Bb5+ Bd7 5. Bxd7+ Qxd7 6. d3 Nc6 7. Be3 g6 8.
O-O Bg7 9. d4 cxd4 10. Nxd4 e5 11. Nxc6 bxc6 12. Qd3 Rb8 13. b3 Ne7 14. Rad1 Nc8
15. h3 Ne7 16. Qd2 Nc8 17. Bh6 Bf6 18. Qe2 Qe6 19. Qa6 Rb6 20. Qa4 Rg8 21. Nd5
Rb5 22. Nc7+ 1-0

[Event "Challenge"]
[Site "http://www.queenalice.com/game.php?id=1189714"]
[Date "2013.6.10"]
[Round "-"]
[White "xambim"]
[Black "vivoferreira"]
[Result "1-0"]
[WhiteElo "1336"]
[BlackElo "1589"]

1. e4 e6 2. Nf3 d5 3. exd5 Qxd5 4. Nc3 Qd8 5. d4 Bb4 6. Qd2 Bxc3 7. Qxc3 f6 8.
Bc4 Ne7 9. O-O O-O 10. b4 b6 11. Ba3 Bb7 12. Bxe6+ Kh8 13. b5 c6 14. Bxe7 Qxe7
15. Rae1 cxb5 16. Bc8 Qd6 17. Bxb7 Nd7 18. Bxa8 Rxa8 19. Qd3 Kg8 20. Qxb5 g6 21.
d5 Rd8 22. Re6 Qc7 23. Rc6 Qb7 24. h3 Kf8 25. Re1 a6 26. Qb4+ Kg8 27. Qe7 Qa8
28. Ree6 Nc5 29. Rxf6 1-0

[Event "Challenge"]
[Site "http://www.queenalice.com/game.php?id=1196849"]
[Date "2013.7.4"]
[Round "-"]
[White "vivoferreira"]
[Black "xambim"]
[Result "1-0"]
[WhiteElo "1672"]
[BlackElo "1362"]

1. e4 e5 2. Nf3 Nc6 3. a3 Nf6 4. Nc3 Bc5 5. h3 O-O 6. d3 h6 7. Be2 d6 8. Nd5 Be6
9. Nxf6+ Qxf6 10. b3 Qg6 11. Rg1 Nd4 12. c3 Nxf3+ 13. Bxf3 Bxh3 14. g4 h5 15.
Rg3 hxg4 16. Bxg4 Bxg4 17. Rxg4 Qh5 18. Rxg7+ Kxg7 19. Qxh5 Rh8 20. Qg5+ Kf8 21.
b4 Rh1+ 22. Ke2 Bb6 23. Ra2 Rxc1 24. Qxc1 Ke7 25. a4 c5 26. Qg5+ Kd7 27. bxc5
Bd8 28. Qf5+ Ke7 29. Ra1 Ba5 30. Rb1 Rb8 31. cxd6+ Kxd6 32. Qf6+ Kc7 33. Qxf7+
Kc6 34. Qd5+ Kc7 35. Qxa5+ b6 36. Qxe5+ Kc8 37. a5 Rb7 38. axb6 axb6 39. Qe6+
Kd8 40. Rxb6 Rxb6 41. Qxb6+ Ke7 42. f4 Kd7 43. f5 Ke8 44. f6 Kf7 45. e5 Ke8 46.
e6 Kf8 47. Qd8# 1-0

[Event "Challenge"]
[Site "http://www.queenalice.com/game.php?id=1203607"]
[Date "2013.7.29"]
[Round "-"]
[White "xambim"]
[Black "vivoferreira"]
[Result "0-1"]
[WhiteElo "1358"]
[BlackElo "1676"]

1. e4 e5 2. Nf3 d6 3. Bc4 Bg4 4. d3 Nf6 5. h3 Bxf3 6. Qxf3 a6 7. Bg5 Be7 8. Bxf6
Bxf6 9. Nc3 Nc6 10. O-O Nd4 11. Qd1 b5 12. Bd5 Rb8 13. Qh5 Qd7 14. Bc6 Nxc6 15.
Nd5 Nd4 16. Rac1 Be7 17. c3 Nc6 18. Rce1 a5 19. Re3 g6 20. Qh6 Bf8 21. Qg5 Be7
22. Qh6 f6 23. Rf3 Qd8 24. Qg7 Kd7 25. Rxf6 Kc8 26. Rf7 Kb7 27. b4 a4 28. Rc1
Rf8 29. Rxf8 Qxf8 30. Qh6 Qxh6 31. c4 Qxc1+ 32. Kh2 bxc4 33. dxc4 Bg5 34. b5 Nd4
35. a3 Qxc4 36. g3 Qf1 37. h4 Nf3# 0-1

[Event "Challenge"]
[Site "http://www.queenalice.com/game.php?id=1218882"]
[Date "2013.9.22"]
[Round "-"]
[White "vivoferreira"]
[Black "xambim"]
[Result "0-1"]
[WhiteElo "1516"]
[BlackElo "1355"]

1. c4 e5 2. g3 Bc5 3. Bg2 Nf6 4. Nc3 Ng4 5. e3 c6 6. Qxg4 O-O 7. d4 d6 8. Qd1
exd4 9. exd4 Bb4 10. Bd2 Re8+ 11. Nce2 Bxd2+ 12. Qxd2 Bg4 13. f3 Be6 14. b3 Qf6
15. Rd1 Nd7 16. Qb4 c5 17. Qxb7 cxd4 18. Nxd4 Bd5+ 19. Nge2 Bxb7 20. O-O Re3 21.
f4 Bxg2 22. Kxg2 Qg6 23. Kf2 Qe4 24. Kg1 Nf8 25. Rfe1 Qg6 26. f5 Qg4 27. Kf2 Re7
28. Nc6 Qxf5+ 29. Nf4 Rxe1 0-1

[Event "Challenge"]
[Site "http://www.queenalice.com/game.php?id=1219026"]
[Date "2013.9.22"]
[Round "-"]
[White "xambim"]
[Black "vivoferreira"]
[Result "0-1"]
[WhiteElo "1368"]
[BlackElo "1578"]

1. d4 Nf6 2. Bf4 d6 3. Nf3 Nc6 4. Nc3 e6 5. e4 Be7 6. Bc4 Nh5 7. Be3 b6 8. Qd2
O-O 9. O-O-O Bb7 10. g4 Nf6 11. g5 Ne8 12. d5 exd5 13. Bxd5 Rb8 14. Rhg1 Nb4 15.
a3 Nxd5 16. exd5 g6 17. Bd4 c6 18. dxc6 Bxc6 19. Qf4 Bxf3 20. Qxf3 Bxg5+ 21. Kb1
Bh6 22. Qh3 Bg7 23. Ne4 Qe7 24. Bxg7 Kxg7 25. Ng5 Nf6 26. Rde1 Qd7 27. Qh4 Rbe8
28. Rxe8 Rxe8 29. Qd4 Qf5 30. f4 Kg8 31. Qxd6 Ne4 32. Nxe4 Qxe4 33. Rf1 b5 34.
Rg1 a5 35. Rg5 b4 36. Re5 Rxe5 37. fxe5 bxa3 38. Qxa3 Qxe5 39. h3 f5 40. b4 axb4
41. Qb3+ Kg7 42. Qxb4 Qg3 43. Qe7+ Kh6 44. Qf8+ Kh5 45. c4 Qb3+ 46. Ka1 Qxc4 47.
Kb2 Qe2+ 48. Kc1 Qe3+ 49. Kd1 Qf3+ 50. Kd2 Qg2+ 51. Ke3 Qxh3+ 52. Kf2 h6 53. Qa8
f4 54. Qd5+ g5 55. Qf3+ Qxf3+ 56. Kxf3 Kh4 57. Kg2 g4 58. Kh2 g3+ 59. Kg2 h5 60.
Kh1 f3 61. Kg1 Kh3 62. Kh1 g2+ 63. Kg1 f2+ 64. Kxf2 Kh2 0-1

[Event "Challenge"]
[Site "http://www.queenalice.com/game.php?id=1236427"]
[Date "2013.11.29"]
[Round "-"]
[White "vivoferreira"]
[Black "xambim"]
[Result "1-0"]
[WhiteElo "1556"]
[BlackElo "1377"]

1. c4 e5 2. g3 Nf6 3. Bg2 Bc5 4. e3 d6 5. Nc3 c6 6. Nge2 Be6 7. d4 exd4 8. exd4
Bb4 9. Bd2 Bxc4 10. O-O Qd7 11. Ne4 Bxe2 12. Qxe2 Bxd2 13. Qxd2 Nxe4 14. Bxe4 d5
15. Bg2 O-O 16. Rfe1 Na6 17. a3 c5 18. dxc5 Nxc5 19. Qxd5 Qxd5 20. Bxd5 Rad8 21.
Rad1 h6 22. b4 Na4 23. Bxb7 Rxd1 24. Rxd1 Nc3 25. Re1 Rb8 26. Ba6 Rb6 27. Bd3
Rd6 28. Re8# 1-0